000 01041cas a22002295 4500
001 L152467
008 110310c2011 xxuqr ws s 0 a0eng u
035 _a(Sirsi) u152467
041 0 _aeng
050 _a333.33 $2 18
110 2 _aJones Lang LaSalle
_93755
245 0 0 _aNorth America Office Occupier Outlook
_h[electronic resource]
260 _a[S.l.]
_bJones Lang LaSalle
_c2011
362 0 _aCurrent quarterly issue only
490 0 _aNorth America Office Occupier Outlook
_vQ4 2010-
520 _aProvides an overview of US commercial occupier leasing conditions and discusses leading factors influencing today's US corporate real estate environment. Presents occupier perspectives on 36 US markets.
554 _aFour per year
651 4 _aUnited States
_y1959-
690 _aPROPERTY-COMMERCIAL PROPERTY-COMMERCIAL PROPERTY MARKET
856 4 0 _uhttps://www.us.am.joneslanglasalle.com/UnitedStates/EN-US/Pages/ResearchCorporateOccupier.aspx
_zView the report free of charge at www.us.am.joneslanglasalle.com
942 _n0
999 _c119309
_d119309